[Event "XIV C.to Europeo Seniores Over 50"]
[Site "Oporto POR"]
[Date "2014.03.15"]
[Round "7"]
[White "Bruno, Fabio"]
[Black "Pritchett, Craig William"]
[WhiteElo "2410"]
[BlackElo "2351"]
[Result "1/2-1/2"]
[PlyCount "70"]
[EventDate "2014.03.09"]

1. d4 Nf6 2. Nf3 e6 3. c4 Bb4+ 4. Nbd2 b6 5. e3 O-O 6. Bd3 Bb7 7. O-O d5 8. a3
Be7 9. cxd5 exd5 10. b4 a5 11. b5 c5 12. bxc6 Nxc6 13. Bb2 Ba6 14. Bxa6 Rxa6
15. Qe2 Qa8 16. Rfc1 b5 17. Rc2 Rb8 18. Rac1 a4 19. e4 Na5 20. exd5 Nxd5 21.
Qe4 Nb3 22. Nxb3 axb3 23. Re2 Re6 24. Ne5 Bxa3 25. g3 b4 26. Qf3 Rf6 27. Qxb3
Nc3 28. Rxc3 bxc3 29. Qxa3 cxb2 30. Rxb2 h6 31. Nd7 Qxa3 32. Rxb8+ Kh7 33. Nf8+
Kg8 34. Ng6+ Kh7 35. Nf8+ Kg8 1/2-1/2

[Event "XIV C.to Europeo Seniores Over 50"]
[Site "Oporto POR"]
[Date "2014.03.16"]
[Round "8"]
[White "Santos, Luis M."]
[Black "Bruno, Fabio"]
[WhiteElo "2369"]
[BlackElo "2410"]
[Result "1/2-1/2"]
[PlyCount "165"]
[EventDate "2014.03.09"]

1. c4 e6 2. Nf3 d5 3. d4 c6 4. Nc3 Nf6 5. Bg5 dxc4 6. e4 b5 7. e5 h6 8. Bh4 g5
9. exf6 gxh4 10. a4 a6 11. Ne5 Qxf6 12. Be2 Nd7 13. Ng4 Qe7 14. Bf3 b4 15. Ne2
Bb7 16. Rc1 Bg7 17. Rxc4 O-O 18. O-O Rfd8 19. Qb3 a5 20. Bxc6 Bxc6 21. Rxc6 Qg5
22. h3 Rac8 23. Rc2 Nb6 24. Rd1 Rxc2 25. Qxc2 Rc8 26. Qb3 Qd5 27. Qxd5 exd5 28.
b3 Rc2 29. Nf4 Rc3 30. Rd3 h5 31. Ne3 Rxd3 32. Nxd3 Bxd4 33. Nf5 Bf6 34. Kf1
Nc4 35. Ke2 Kh7 36. Ne3 Nb6 37. Nf4 d4 38. Ned5 Nxd5 39. Nxd5 Kg6 40. Kd3 Bg7
41. Ne7+ Kf6 42. Nc6 Ke6 43. Nxa5 Kd5 44. Nc4 Bf6 45. Nd2 Bd8 46. Nf3 Bf6 47.
a5 Bd8 48. a6 Kc6 49. a7 Kb7 50. Nxd4 Bb6 51. Nb5 Bxf2 52. Ke4 Bc5 53. Ke5 Bf2
54. Kf6 Bxa7 55. Nxa7 Kxa7 56. Kxf7 Kb6 57. Ke6 Kc6 58. Ke5 Kc5 59. Ke4 Kd6 60.
Kd4 Ke6 61. Kc4 Ke5 62. Kxb4 Kf4 63. Kc3 Kg3 64. b4 Kxg2 65. b5 Kxh3 66. b6 Kg2
67. b7 h3 68. b8=Q h2 69. Qb7+ Kg1 70. Qb6+ Kg2 71. Qc6+ Kg1 72. Qc5+ Kg2 73.
Qg5+ Kf2 74. Qh4+ Kg2 75. Qe4+ Kg1 76. Qg6+ Kf2 77. Qe4 Kg1 78. Qe1+ Kg2 79.
Qe2+ Kg1 80. Qe3+ Kg2 81. Qg5+ Kf2 82. Qxh5 Kg2 83. Kd4 1/2-1/2

[Event "XIV C.to Europeo Seniores Over 50"]
[Site "Oporto POR"]
[Date "2014.03.17"]
[Round "9"]
[White "Bruno, Fabio"]
[Black "Fernandes, Antonio M."]
[WhiteElo "2410"]
[BlackElo "2365"]
[Result "1-0"]
[PlyCount "52"]
[EventDate "2014.03.09"]

1. d4 Nf6 2. c4 g6 3. Nc3 Bg7 4. e4 d6 5. Be2 O-O 6. Nf3 e5 7. O-O Nbd7 8. Be3
exd4 9. Nxd4 Nc5 10. f3 a5 11. Ndb5 Bd7 12. Qd2 b6 13. Rfd1 Bc6 14. Bf1 Qd7 15.
b3 Ne8 16. Rac1 f5 17. exf5 Rxf5 18. Nd4 Rf7 19. Nxc6 Qxc6 20. Qd5 Qxd5 21.
cxd5 Re7 22. Bf2 Bh6 23. Rb1 Be3 24. a3 Nf6 25. Nb5 Bxf2+ 26. Kxf2 Kf8 1-0

[Event "XV C.to Europeo"]
[Site "Yerevan ARM"]
[Date "2014.03.03"]
[Round "1"]
[White "Codenotti, Marco"]
[Black "Beliavsky, Alexander G."]
[WhiteElo "2362"]
[BlackElo "2643"]
[Result "1/2-1/2"]
[PlyCount "80"]
[EventDate "2014.03.03"]

1. e4 e5 2. Nf3 Nc6 3. Bc4 Nf6 4. d3 Be7 5. O-O O-O 6. Re1 d6 7. a4 Be6 8. Nc3
Qd7 9. a5 a6 10. h3 Rae8 11. Nd5 Bxd5 12. Bxd5 Nxd5 13. exd5 Nd4 14. Nxd4 exd4
15. Qg4 f5 16. Qxd4 Bf6 17. Qb4 Qb5 18. Bd2 Qxd5 19. Bc3 Be5 20. f4 Bxc3 21.
Qxc3 c6 22. Qc4 Qxc4 23. dxc4 Kf7 24. Kf2 h6 25. h4 d5 26. cxd5 cxd5 27. Rxe8
Rxe8 28. Rd1 Re4 29. Rxd5 Rxf4+ 30. Ke3 Rb4 31. Rxf5+ Ke6 32. Rf4 Rxb2 33. Rg4
Kf6 34. Rf4+ Ke6 35. Rg4 g5 36. hxg5 hxg5 37. Rxg5 Rxc2 38. g4 Rc4 39. Kf3 Kf6
40. Rf5+ Kg6 1/2-1/2

[Event "XV C.to Europeo"]
[Site "Yerevan ARM"]
[Date "2014.03.03"]
[Round "1"]
[White "Pavlidou, Ekaterini"]
[Black "Dvirnyy, Danyyil"]
[WhiteElo "2188"]
[BlackElo "2575"]
[Result "1/2-1/2"]
[PlyCount "37"]
[EventDate "2014.03.03"]

1. Nf3 d6 2. d4 f5 3. g3 Nf6 4. Bg2 g6 5. O-O Bg7 6. c4 O-O 7. Nc3 c6 8. d5 e5
9. dxe6 Qe7 10. Bf4 Rd8 11. Ng5 Bxe6 12. e4 fxe4 13. Ncxe4 Nxe4 14. Nxe4 b6 15.
Bxd6 Qf7 16. c5 Bxa2 17. Rxa2 Qxa2 18. b3 Re8 19. Qg4 1/2-1/2

[Event "XV C.to Europeo"]
[Site "Yerevan ARM"]
[Date "2014.03.03"]
[Round "1"]
[White "Sargissyan, Sargis"]
[Black "Brunello, Sabino"]
[WhiteElo "2242"]
[BlackElo "2593"]
[Result "0-1"]
[PlyCount "76"]
[EventDate "2014.03.03"]

1. e4 c5 2. Nf3 e6 3. d4 cxd4 4. Nxd4 a6 5. Nc3 Qc7 6. Bd3 Bc5 7. Nb3 Be7 8. f4
d6 9. O-O Nd7 10. Qe2 Ngf6 11. Bd2 O-O 12. Rae1 e5 13. g4 exf4 14. g5 Ne8 15.
Nd5 Qd8 16. Nxe7+ Qxe7 17. Bxf4 Ne5 18. Qg2 g6 19. Nd4 Ng7 20. Nf3 Nh5 21. Bd2
Qc7 22. Nxe5 dxe5 23. Be2 Nf4 24. Rxf4 exf4 25. Bc3 Re8 26. Bd3 Bd7 27. Qf2 Re6
28. Kh1 Qd6 29. Qh4 Bc6 30. Qh6 Qf8 31. Qh4 Rae8 32. Qxf4 Qe7 33. Kg1 Bxe4 34.
Rxe4 Rxe4 35. Bxe4 Qxe4 36. Qf6 Qg4+ 37. Kh1 Qd1+ 38. Kg2 Qxc2+ 0-1

[Event "XV C.to Europeo"]
[Site "Yerevan ARM"]
[Date "2014.03.04"]
[Round "2"]
[White "Balogh, Csaba"]
[Black "Codenotti, Marco"]
[WhiteElo "2651"]
[BlackElo "2362"]
[Result "1-0"]
[PlyCount "121"]
[EventDate "2014.03.03"]

1. e4 c5 2. Nf3 d6 3. d4 cxd4 4. Nxd4 Nf6 5. Nc3 a6 6. g3 e5 7. Nb3 Be7 8. Bg2
Be6 9. O-O Nbd7 10. Re1 O-O 11. a4 Rc8 12. Nd2 Nb6 13. Nf1 d5 14. exd5 Nbxd5
15. Nxd5 Nxd5 16. c3 f6 17. Ne3 Nxe3 18. Bxe3 b5 19. a5 Bc5 20. Bb7 Bxe3 21.
Rxe3 Rb8 22. Rd3 Qc7 23. Bxa6 f5 24. Rd6 Rfd8 25. Rxd8+ Rxd8 26. Qf3 Bd5 27.
Qe3 Bc6 28. c4 Qxa5 29. Qc1 Qb4 30. Bxb5 Bf3 31. Qg5 Rf8 32. Qe3 Qxb2 33. Re1
e4 34. Bc6 h6 35. Qc1 Qf6 36. Bb5 Qe5 37. c5 f4 38. Be2 fxg3 39. hxg3 Qd4 40.
Qc4+ Qxc4 41. Bxc4+ Kh7 42. Be2 Bxe2 43. Rxe2 Rc8 44. Rc2 Rc6 45. Kf1 Kg6 46.
Ke2 Kf5 47. Ke3 Ke5 48. Rc4 Kd5 49. Rd4+ Kxc5 50. Rd7 g5 51. Kxe4 Rf6 52. f4
gxf4 53. gxf4 Kc6 54. Rh7 Rf8 55. f5 Re8+ 56. Kf4 Re1 57. f6 Kd6 58. Kf5 Rf1+
59. Kg6 Rg1+ 60. Kf7 Rf1 61. Rxh6 1-0

[Event "XV C.to Europeo"]
[Site "Yerevan ARM"]
[Date "2014.03.04"]
[Round "2"]
[White "Brunello, Sabino"]
[Black "Hakobyan, Aram"]
[WhiteElo "2593"]
[BlackElo "2103"]
[Result "1-0"]
[PlyCount "101"]
[EventDate "2014.03.03"]

1. c4 e6 2. g3 Nf6 3. Bg2 c5 4. Nf3 Nc6 5. O-O Be7 6. d4 cxd4 7. Nxd4 O-O 8.
Nc3 a6 9. Bf4 Na5 10. b3 d6 11. Nf3 Nh5 12. Be3 Bd7 13. Qd2 Bc6 14. Nd4 Bxg2
15. Kxg2 Nf6 16. Rfd1 Rc8 17. Rac1 Qc7 18. Nf3 Nc6 19. Nd5 exd5 20. cxd5 Rfd8
21. dxc6 bxc6 22. Nd4 Qd7 23. Qd3 Nd5 24. Bd2 Nf6 25. Rc2 c5 26. Nf5 Bf8 27.
Bg5 Qe6 28. Bxf6 Qxf6 29. Ne3 Qe7 30. Qxa6 d5 31. Qd3 c4 32. Qf5 g6 33. Qf3
cxb3 34. Rxc8 Rxc8 35. Nxd5 Qa3 36. axb3 Rb8 37. Rd3 Qa6 38. Nf6+ Kg7 39. Nd7
Re8 40. Nxf8 Rxf8 41. Qd5 Kg8 42. e4 Rb8 43. Rc3 Qb6 44. Rc6 Qb7 45. h4 Kg7 46.
h5 Qb5 47. Rc5 Qxb3 48. Qe5+ Kh6 49. Qf4+ Kg7 50. h6+ Kf8 51. Qd6+ 1-0

[Event "XV C.to Europeo"]
[Site "Yerevan ARM"]
[Date "2014.03.04"]
[Round "2"]
[White "Dvirnyy, Danyyil"]
[Black "Gasparian, Tigran"]
[WhiteElo "2575"]
[BlackElo "2165"]
[Result "1-0"]
[PlyCount "93"]
[EventDate "2014.03.03"]

1. e4 e5 2. Nf3 Nc6 3. Bb5 g6 4. d4 exd4 5. Bg5 f6 6. Bh4 Bg7 7. Nxd4 Nge7 8.
Nc3 O-O 9. O-O Kh8 10. Nxc6 bxc6 11. Ba4 d6 12. Qd2 Be6 13. Rad1 Rb8 14. Bb3
Qc8 15. Rfe1 g5 16. Bg3 Ng6 17. f3 Qe8 18. Bf2 Rb7 19. Nd5 g4 20. f4 Bd7 21.
Nc3 Bh6 22. Be3 Qe7 23. Qf2 a5 24. g3 Bg7 25. Bd4 Ra8 26. a4 Rab8 27. Nb1 Rb4
28. Nd2 c5 29. Bc3 Bxa4 30. Bxb4 Bxb3 31. Nxb3 Rxb4 32. Nxa5 Rxe4 33. Nc4 f5
34. c3 h5 35. Nd2 Re6 36. Rxe6 Qxe6 37. Re1 Qd5 38. Nf1 h4 39. Ne3 Qf7 40. Qg2
Ne7 41. Qb7 hxg3 42. hxg3 Qe6 43. Qxc7 Nd5 44. Qd8+ Kh7 45. Ng2 Qf7 46. Qxd6
Nf6 47. Qe6 1-0

[Event "XV C.to Europeo"]
[Site "Yerevan ARM"]
[Date "2014.03.05"]
[Round "3"]
[White "Sayadyan, Edvard"]
[Black "Codenotti, Marco"]
[WhiteElo "2010"]
[BlackElo "2362"]
[Result "1-0"]
[PlyCount "53"]
[EventDate "2014.03.03"]

1. e4 c5 2. Nf3 d6 3. d4 cxd4 4. Nxd4 Nf6 5. Nc3 a6 6. Bg5 Nbd7 7. f4 Qc7 8.
Qf3 h6 9. Bxf6 Nxf6 10. f5 Qc5 11. O-O-O g5 12. fxg6 Bg4 13. gxf7+ Kxf7 14. Qd3
Bxd1 15. Nxd1 e6 16. g3 h5 17. Bh3 Bh6+ 18. Kb1 Ng4 19. Rf1+ Ke7 20. Qb3 Qc8
21. Nxe6 Qg8 22. Nc3 Qxe6 23. Nd5+ Kd8 24. Qb6+ Kd7 25. Qxb7+ Kd8 26. Qxa8+ Qc8
27. Qa7 1-0

[Event "XV C.to Europeo"]
[Site "Yerevan ARM"]
[Date "2014.03.05"]
[Round "3"]
[White "Smirin, Ilia"]
[Black "Brunello, Sabino"]
[WhiteElo "2644"]
[BlackElo "2593"]
[Result "1-0"]
[PlyCount "73"]
[EventDate "2014.03.03"]

1. e4 e5 2. Nf3 Nc6 3. Bb5 a6 4. Ba4 Nf6 5. O-O Be7 6. Re1 b5 7. Bb3 O-O 8. d3
d6 9. c3 Na5 10. Bc2 c5 11. Nbd2 Re8 12. Nf1 Bf8 13. Bg5 h6 14. Bh4 Be7 15. Ne3
Nc6 16. d4 exd4 17. cxd4 Ng4 18. Bxe7 Nxe7 19. h3 Nxe3 20. Rxe3 Ng6 21. Qd2 a5
22. Rd1 Bb7 23. a4 b4 24. Bb3 c4 25. Bc2 b3 26. Bb1 Qd7 27. d5 Qxa4 28. Nd4 Qb4
29. Rc3 a4 30. Nf5 a3 31. bxa3 Rxa3 32. Qd4 Re5 33. Rxc4 Qa5 34. Nxd6 Ba6 35.
f4 Rh5 36. Ne8 f6 37. Qa7 1-0

[Event "XV C.to Europeo"]
[Site "Yerevan ARM"]
[Date "2014.03.05"]
[Round "3"]
[White "Tomashevsky, Evgeny"]
[Black "Dvirnyy, Danyyil"]
[WhiteElo "2711"]
[BlackElo "2575"]
[Result "1/2-1/2"]
[PlyCount "86"]
[EventDate "2014.03.03"]

1. d4 Nf6 2. Nf3 g6 3. Bg5 Bg7 4. Nbd2 O-O 5. c3 d6 6. e4 c5 7. dxc5 dxc5 8.
Bc4 Nc6 9. Qe2 Nd7 10. Qe3 Qc7 11. O-O Rb8 12. a4 a6 13. Bd5 b5 14. axb5 axb5
15. Bxc6 Qxc6 16. Bxe7 Re8 17. Bh4 Bb7 18. Qf4 h6 19. Bg3 Rbd8 20. Rfe1 Nf6 21.
Nb3 Rxe4 22. Qc7 Qxc7 23. Bxc7 Rc8 24. Be5 Rxe1+ 25. Nxe1 Bd5 26. Nd2 Re8 27.
Nef3 g5 28. h3 Ra8 29. Rxa8+ Bxa8 30. h4 Bxf3 31. Nxf3 Ne4 32. hxg5 Nxg5 33.
Nxg5 hxg5 34. Bxg7 Kxg7 35. Kf1 Kf6 36. Ke2 Ke5 37. Ke3 f5 38. g3 Kd5 39. b3 c4
40. b4 Ke5 41. f4+ gxf4+ 42. gxf4+ Ke6 43. Kd4 Kd6 1/2-1/2

[Event "XV C.to Europeo"]
[Site "Yerevan ARM"]
[Date "2014.03.06"]
[Round "4"]
[White "Brunello, Sabino"]
[Black "Kreisl, Robert"]
[WhiteElo "2593"]
[BlackElo "2435"]
[Result "1/2-1/2"]
[PlyCount "74"]
[EventDate "2014.03.03"]

1. c4 g6 2. g3 Bg7 3. Bg2 c5 4. Nc3 Nc6 5. Nf3 Nf6 6. d4 cxd4 7. Nxd4 O-O 8.
O-O Qa5 9. Nb3 Qh5 10. c5 d6 11. cxd6 Rd8 12. f3 Rxd6 13. Qe1 g5 14. Be3 b6 15.
Rd1 Rxd1 16. Qxd1 Bb7 17. Qb1 Ne5 18. h3 Nc4 19. Bc1 Qg6 20. Qxg6 hxg6 21. Rd1
Rc8 22. g4 Kf8 23. Kf2 Ke8 24. Bf1 Nd7 25. Nd4 Bf6 26. e3 a6 27. Bd3 Nd6 28.
Be2 b5 29. Nb1 Nc4 30. Nd2 Ndb6 31. Nxc4 Nxc4 32. Bd3 Ne5 33. Bb1 Rd8 34. Rd2
Rc8 35. Rd1 Rd8 36. Rd2 Rc8 37. Rd1 Rd8 1/2-1/2

[Event "XV C.to Europeo"]
[Site "Yerevan ARM"]
[Date "2014.03.06"]
[Round "4"]
[White "Codenotti, Marco"]
[Black "Nikolaidis, Konstantinos"]
[WhiteElo "2362"]
[BlackElo "2186"]
[Result "1-0"]
[PlyCount "77"]
[EventDate "2014.03.03"]

1. e4 c6 2. Nc3 d5 3. Nf3 Bg4 4. h3 Bxf3 5. Qxf3 e6 6. Be2 Nd7 7. d4 Qb6 8.
exd5 cxd5 9. Bb5 Rd8 10. Bf4 a6 11. Ba4 Ngf6 12. O-O-O Qa5 13. Bxd7+ Rxd7 14.
g4 Be7 15. Kb1 O-O 16. h4 Ne8 17. h5 Nd6 18. Bxd6 Rxd6 19. Ne2 Rc8 20. Nc1 Rdc6
21. c3 b5 22. Nd3 R6c7 23. h6 g6 24. Qe3 Qb6 25. Qe5 Bf8 26. f4 Qd6 27. Qe3 a5
28. f5 exf5 29. gxf5 b4 30. cxb4 axb4 31. fxg6 fxg6 32. Ne5 Qe6 33. Rde1 Ra8
34. Qd3 Rca7 35. Nxg6 Qb6 36. Ne5 Bxh6 37. Reg1+ Kf8 38. Qf5+ Ke7 39. Qf7+ 1-0

[Event "XV C.to Europeo"]
[Site "Yerevan ARM"]
[Date "2014.03.06"]
[Round "4"]
[White "Dvirnyy, Danyyil"]
[Black "Nakar, Eylon"]
[WhiteElo "2575"]
[BlackElo "2409"]
[Result "1-0"]
[PlyCount "109"]
[EventDate "2014.03.03"]

1. c4 e5 2. g3 Nf6 3. Bg2 c6 4. d4 Bb4+ 5. Bd2 Bxd2+ 6. Qxd2 d6 7. Nc3 O-O 8.
e3 Be6 9. Rd1 Qc8 10. b3 Na6 11. Nge2 Bh3 12. O-O e4 13. f3 exf3 14. Rxf3 Qd7
15. Rdf1 Rae8 16. Rxf6 Bxg2 17. Kxg2 gxf6 18. e4 Qg4 19. Rxf6 Re6 20. Rf5 f6
21. h3 Qg7 22. Nf4 Re7 23. Nh5 Qg6 24. Qf4 Ref7 25. Qxd6 Nc7 26. Nd1 Ne8 27.
Qf4 Ng7 28. Nxg7 Qxg7 29. Ne3 Rd7 30. d5 cxd5 31. cxd5 Qe7 32. e5 Qa3 33. Qf2
fxe5 34. h4 Qc5 35. Rxf8+ Qxf8 36. Qc2 Rf7 37. Ng4 Qd6 38. Qe4 Re7 39. h5 Kf8
40. Qf5+ Ke8 41. Qc8+ Kf7 42. Qf5+ Ke8 43. Qc8+ Kf7 44. Ne3 b5 45. Qh8 h6 46.
Qh7+ Kf8 47. Qh8+ Kf7 48. Qh7+ Kf8 49. Qf5+ Ke8 50. Qd3 Qc5 51. Qg6+ Kd7 52.
Qxh6 Qd4 53. Qc6+ Kd8 54. Qa8+ Kc7 55. d6+ 1-0

[Event "XV C.to Europeo"]
[Site "Yerevan ARM"]
[Date "2014.03.07"]
[Round "5"]
[White "Laznicka, Viktor"]
[Black "Dvirnyy, Danyyil"]
[WhiteElo "2681"]
[BlackElo "2575"]
[Result "1-0"]
[PlyCount "55"]
[EventDate "2014.03.03"]

1. d4 Nf6 2. c4 e6 3. Nf3 d5 4. Bg5 Be7 5. Nc3 O-O 6. e3 h6 7. Bh4 Ne4 8. Bxe7
Qxe7 9. Rc1 c6 10. h4 Nd7 11. g4 e5 12. cxd5 Nxc3 13. Rxc3 cxd5 14. g5 e4 15.
Nd2 hxg5 16. Qh5 g4 17. Qxg4 Rd8 18. Rg1 Qf6 19. Qg3 Nf8 20. f3 exf3 21. Nxf3
Bf5 22. Bh3 Bxh3 23. Qxh3 Qh6 24. Ne5 Rac8 25. Rxc8 Rxc8 26. Qxc8 Qxe3+ 27. Kf1
f6 28. Qg4 1-0

[Event "XV C.to Europeo"]
[Site "Yerevan ARM"]
[Date "2014.03.07"]
[Round "5"]
[White "Popilski, Gil"]
[Black "Brunello, Sabino"]
[WhiteElo "2503"]
[BlackElo "2593"]
[Result "0-1"]
[PlyCount "76"]
[EventDate "2014.03.03"]

1. c4 c5 2. Nf3 b6 3. Nc3 Bb7 4. e3 e6 5. d4 cxd4 6. exd4 Bb4 7. Bd3 Nf6 8. O-O
h6 9. d5 O-O 10. Nd4 Bxc3 11. bxc3 Na6 12. Qf3 Nc5 13. Bc2 Ba6 14. Re1 Bxc4 15.
Bxh6 gxh6 16. Qf4 Nh7 17. Re3 f5 18. Rg3+ Kh8 19. Nf3 Bxd5 20. Ne5 Qf6 21. Rg6
Qe7 22. Rxh6 Rg8 23. Ng6+ Rxg6 24. Rxg6 Rg8 25. Qe5+ Rg7 26. Re1 Nf8 27. Rg3
Ne4 28. Bxe4 Bxe4 29. Ree3 d6 30. Qd4 e5 31. Qd1 Ne6 32. Rxg7 Nxg7 33. Qd2 Kg8
34. f3 Bb7 35. f4 Be4 36. Rg3 Kf7 37. a4 exf4 38. Qxf4 Nh5 0-1

[Event "XV C.to Europeo"]
[Site "Yerevan ARM"]
[Date "2014.03.07"]
[Round "5"]
[White "Sargsyan, Shushanna"]
[Black "Codenotti, Marco"]
[WhiteElo "2093"]
[BlackElo "2362"]
[Result "0-1"]
[PlyCount "56"]
[EventDate "2014.03.03"]

1. d4 Nf6 2. Bg5 Ne4 3. Bf4 d5 4. e3 g6 5. Bd3 Nd6 6. Be5 f6 7. Bg3 Bg7 8. Nd2
Be6 9. Ne2 O-O 10. h4 Nc6 11. Nf4 Bf7 12. h5 g5 13. h6 Bh8 14. Nh3 Nb4 15. f4
Nxd3+ 16. cxd3 Nf5 17. Bf2 e6 18. Ng1 Bg6 19. Ngf3 Nd6 20. Qe2 Qe8 21. fxg5
fxg5 22. Nxg5 e5 23. Ndf3 exd4 24. exd4 Bxd3 25. Qxe8 Raxe8+ 26. Kd2 Bg6 27.
Rae1 Ne4+ 28. Nxe4 dxe4 0-1

[Event "XV C.to Europeo"]
[Site "Yerevan ARM"]
[Date "2014.03.08"]
[Round "6"]
[White "Brunello, Sabino"]
[Black "Sjugirov, Sanan"]
[WhiteElo "2593"]
[BlackElo "2653"]
[Result "0-1"]
[PlyCount "90"]
[EventDate "2014.03.03"]

1. d4 d5 2. c4 c6 3. Nf3 Nf6 4. e3 Bf5 5. Nc3 a6 6. Bd3 Bg6 7. O-O e6 8. Ne5
Bxd3 9. Qxd3 Nbd7 10. Nf3 Bb4 11. a3 Be7 12. e4 O-O 13. Bf4 dxe4 14. Nxe4 Nxe4
15. Qxe4 Re8 16. Rfd1 Nf8 17. Rd3 Ng6 18. Bg3 Qa5 19. c5 Rad8 20. Rb3 Rd7 21.
h4 h5 22. Rc1 Qd8 23. Rc4 a5 24. Ne5 Nxe5 25. Bxe5 Bf6 26. Rg3 Rd5 27. Qf4 Bxe5
28. dxe5 Rd3 29. Rg5 g6 30. Re4 Qd5 31. Kh2 Rd8 32. g4 Rd4 33. Rxd4 Qxd4 34.
Qf6 Rd5 35. gxh5 Qxh4+ 36. Kg2 Qe4+ 37. f3 Rd2+ 38. Kh3 Qb1 39. Rxg6+ fxg6 40.
Qxe6+ Kf8 41. Qf6+ Ke8 42. Qh8+ Kd7 43. e6+ Kc7 44. Qe5+ Kc8 45. e7 Qh1+ 0-1

[Event "XV C.to Europeo"]
[Site "Yerevan ARM"]
[Date "2014.03.08"]
[Round "6"]
[White "Codenotti, Marco"]
[Black "Zoler, Dan"]
[WhiteElo "2362"]
[BlackElo "2504"]
[Result "1/2-1/2"]
[PlyCount "115"]
[EventDate "2014.03.03"]

1. d4 Nf6 2. c4 e6 3. Nc3 c5 4. d5 exd5 5. cxd5 d6 6. Nf3 g6 7. Bf4 Bg7 8. Qa4+
Bd7 9. Qb3 Qc7 10. e4 O-O 11. Be2 Nh5 12. Be3 a6 13. Nd2 b5 14. Bxh5 gxh5 15.
a4 bxa4 16. Nxa4 Bb5 17. Nc4 Nd7 18. Nc3 Rfb8 19. Ra2 Bxc4 20. Qxc4 Rb4 21. Qd3
Qb6 22. Bc1 Ne5 23. Qe2 c4 24. O-O Nd3 25. e5 dxe5 26. Qxh5 Nxc1 27. Rxc1 Rxb2
28. Rxb2 Qxb2 29. Qg5 h6 30. Qe3 a5 31. d6 a4 32. Rb1 Qc2 33. d7 Rd8 34. Rd1
Qf5 35. Qc5 a3 36. Qc7 Bf6 37. Qxc4 Kg7 38. Qa4 Be7 39. h3 Bc5 40. Rd2 Bd4 41.
Qxa3 Rxd7 42. Qb3 Qf4 43. Rc2 Ra7 44. Nd1 Ra1 45. Qd3 h5 46. g3 Rxd1+ 47. Qxd1
Qxg3+ 48. Kh1 Qxh3+ 49. Kg1 Qg3+ 50. Kh1 Qh3+ 51. Kg1 Qf5 52. Kh1 h4 53. f3 Kf6
54. Rg2 Ke7 55. Rg4 Bf2 56. Qb3 Qd7 57. Kg2 Bg3 58. Qb4+ 1/2-1/2

[Event "XV C.to Europeo"]
[Site "Yerevan ARM"]
[Date "2014.03.08"]
[Round "6"]
[White "Dvirnyy, Danyyil"]
[Black "Firat, Burak"]
[WhiteElo "2575"]
[BlackElo "2480"]
[Result "1/2-1/2"]
[PlyCount "80"]
[EventDate "2014.03.03"]

1. c4 e6 2. g3 d5 3. Bg2 c6 4. Nf3 dxc4 5. a4 Nf6 6. O-O Na6 7. Na3 Bxa3 8.
Rxa3 Nb4 9. a5 O-O 10. b3 cxb3 11. d4 b6 12. axb6 Qxb6 13. Qxb3 a5 14. Bd2 Bb7
15. Rb1 c5 16. dxc5 Qxc5 17. Rxa5 Qxa5 18. Bxb4 Bd5 19. Qd1 Qa4 20. Bxf8 Qxd1+
21. Rxd1 Kxf8 22. Ne5 Ra5 23. Bxd5 Rxd5 24. Rxd5 Nxd5 25. e4 Nc3 26. f3 f6 27.
Nd3 Ke7 28. Kf2 e5 29. Ke3 g5 30. h4 gxh4 31. gxh4 Kf7 32. f4 exf4+ 33. Nxf4
Nb5 34. Kf3 Nd6 35. Nd3 Kg6 36. e5 fxe5 37. Nxe5+ Kh5 38. Ng4 Kxh4 39. Nf6 h5
40. Nxh5 Kxh5 1/2-1/2

[Event "XV C.to Europeo"]
[Site "Yerevan ARM"]
[Date "2014.03.10"]
[Round "7"]
[White "Firat, Burak"]
[Black "Brunello, Sabino"]
[WhiteElo "2480"]
[BlackElo "2593"]
[Result "1/2-1/2"]
[PlyCount "82"]
[EventDate "2014.03.03"]

1. e4 d5 2. exd5 Qxd5 3. Nc3 Qa5 4. d4 Nf6 5. Nf3 Bf5 6. Bd2 e6 7. Bc4 Bb4 8.
a3 Bxc3 9. Bxc3 Qb6 10. d5 exd5 11. Bxd5 Nxd5 12. Qxd5 Qe6+ 13. Qxe6+ Bxe6 14.
O-O-O f6 15. Nd4 Bd7 16. Rhe1+ Kf7 17. Bb4 Re8 18. Rxe8 Bxe8 19. Re1 Nc6 20.
Nxc6 Bxc6 21. f3 Re8 22. Rxe8 Kxe8 23. Kd2 Bb5 24. Ke3 Kf7 25. Be1 Ke6 26. Bg3
Kd7 27. Be1 b6 28. g4 a5 29. h4 h5 30. b4 a4 31. Bc3 Ke6 32. gxh5 Bc4 33. Be1
c6 34. Bc3 b5 35. Bd4 Bd5 36. Bc5 Kf7 37. Kf4 Ke6 38. Bf8 Kf7 39. Bc5 Ke6 40.
Bf8 Kf7 41. Bc5 Ke6 1/2-1/2

[Event "XV C.to Europeo"]
[Site "Yerevan ARM"]
[Date "2014.03.10"]
[Round "7"]
[White "Gevorgyan, David"]
[Black "Dvirnyy, Danyyil"]
[WhiteElo "2388"]
[BlackElo "2575"]
[Result "0-1"]
[PlyCount "80"]
[EventDate "2014.03.03"]

1. Nf3 d5 2. d4 Nf6 3. c4 c6 4. cxd5 cxd5 5. Nc3 Nc6 6. Bf4 a6 7. e3 Bg4 8. Be2
Bxf3 9. Bxf3 e6 10. O-O Bd6 11. Bxd6 Qxd6 12. e4 dxe4 13. Nxe4 Nxe4 14. Bxe4
Nxd4 15. Bxb7 Rb8 16. Qa4+ Ke7 17. Rfd1 e5 18. Qxa6 Qxa6 19. Bxa6 Rxb2 20. Bd3
Ra8 21. a4 Ra5 22. Rdb1 Rxb1+ 23. Bxb1 f5 24. f3 Kd6 25. Kf2 g5 26. Bd3 h5 27.
Ke3 Kd5 28. Ra2 h4 29. Bf1 f4+ 30. Kd3 h3 31. Kc3 Rc5+ 32. Kd2 g4 33. fxg4 Nb3+
34. Ke1 Rc1+ 35. Kf2 e4 36. gxh3 e3+ 37. Kg2 Nd4 38. Be2 Nxe2 39. Rxe2 Ke4 40.
Rb2 f3+ 0-1

[Event "XV C.to Europeo"]
[Site "Yerevan ARM"]
[Date "2014.03.10"]
[Round "7"]
[White "Minasian, Artashes"]
[Black "Codenotti, Marco"]
[WhiteElo "2482"]
[BlackElo "2362"]
[Result "1-0"]
[PlyCount "47"]
[EventDate "2014.03.03"]

1. g3 g6 2. Bg2 Bg7 3. d4 d5 4. Nf3 Nf6 5. O-O O-O 6. c4 dxc4 7. Qa4 Nc6 8.
Qxc4 Qd5 9. Qa4 Qh5 10. Nc3 Bd7 11. Qb3 b6 12. Bf4 Rac8 13. Rad1 Bh3 14. d5 Na5
15. Qa4 Bxg2 16. Kxg2 c6 17. d6 exd6 18. Rxd6 Qc5 19. Be5 Ne8 20. b4 Qc4 21.
Nd2 Nxd6 22. Nxc4 Naxc4 23. Bxg7 Kxg7 24. Qxa7 1-0

[Event "XV C.to Europeo"]
[Site "Yerevan ARM"]
[Date "2014.03.11"]
[Round "8"]
[White "Brunello, Sabino"]
[Black "Minasian, Artashes"]
[WhiteElo "2593"]
[BlackElo "2482"]
[Result "1/2-1/2"]
[PlyCount "83"]
[EventDate "2014.03.03"]

1. d4 Nf6 2. c4 c5 3. d5 e6 4. Nc3 exd5 5. cxd5 d6 6. Nf3 g6 7. e4 a6 8. a4 Bg4
9. Be2 Bxf3 10. Bxf3 Bg7 11. O-O O-O 12. Rb1 Nbd7 13. Re1 Re8 14. Be3 Qc7 15.
b3 b5 16. Qc2 b4 17. Nd1 Re7 18. Nb2 Rae8 19. Bd2 a5 20. Nc4 Ne5 21. Nxe5 Rxe5
22. g3 Nd7 23. Bg2 R5e7 24. Bf1 Rf8 25. Bb5 Ne5 26. Kg2 f6 27. f4 Nf7 28. Rbd1
Qc8 29. Bc1 g5 30. e5 fxe5 31. fxg5 e4 32. Rxe4 Qf5 33. Rc4 Nxg5 34. Qxf5 Rxf5
35. Rf4 Rxf4 36. Bxf4 Nf7 37. Rf1 Bd4 38. h4 Kg7 39. Kh3 Be5 40. Bc1 Bf6 41.
Bd3 Bc3 42. Bf4 1/2-1/2

[Event "XV C.to Europeo"]
[Site "Yerevan ARM"]
[Date "2014.03.11"]
[Round "8"]
[White "Codenotti, Marco"]
[Black "Hovhannisyan, Karen"]
[WhiteElo "2362"]
[BlackElo "2188"]
[Result "0-1"]
[PlyCount "102"]
[EventDate "2014.03.03"]

1. e4 c6 2. d4 d5 3. Nd2 dxe4 4. Nxe4 Nd7 5. Bc4 Ngf6 6. Ng5 e6 7. Qe2 Nb6 8.
Bd3 h6 9. N5f3 c5 10. Be3 Nbd5 11. Ne5 a6 12. Ngf3 Qc7 13. O-O Bd6 14. c3 O-O
15. Bd2 b6 16. dxc5 bxc5 17. a3 a5 18. c4 Ne7 19. Bc3 Nf5 20. Rfe1 Bb7 21. Rad1
Rfd8 22. h3 Nh5 23. Be4 Nf4 24. Qc2 f6 25. Ng4 Nd4 26. Bxd4 cxd4 27. Bxb7 d3
28. Qb3 Rab8 29. c5 Bxc5 30. Rc1 d2 31. Nxd2 Rxd2 32. Qe3 Bxe3 33. Rxc7 Bb6 34.
Rc8+ Rxc8 35. Bxc8 h5 36. Ne3 Rxb2 37. a4 Kf7 38. Ba6 Nd5 39. Nd1 Rb1 40. Kf1
Bd4 41. Bb5 Ke7 42. h4 Ra1 43. Ke2 Nc7 44. Bc4 Kd6 45. Bb3 Nd5 46. Kd2 Ra3 47.
Re4 e5 48. Bc2 Nb4 49. Bb1 Rxa4 50. Ne3 Bxe3+ 51. fxe3 Ra1 0-1

[Event "XV C.to Europeo"]
[Site "Yerevan ARM"]
[Date "2014.03.12"]
[Round "9"]
[White "Aghasaryan, Robert"]
[Black "Brunello, Sabino"]
[WhiteElo "2503"]
[BlackElo "2593"]
[Result "1-0"]
[PlyCount "65"]
[EventDate "2014.03.03"]

1. d4 Nf6 2. c4 e5 3. dxe5 Ng4 4. Nf3 Bc5 5. e3 Nc6 6. Be2 O-O 7. Nc3 Ngxe5 8.
O-O a5 9. Nxe5 Nxe5 10. b3 d6 11. Bb2 Re8 12. Nd5 Bf5 13. Nf4 c6 14. Qd2 Qg5
15. Kh1 Ng6 16. Nh5 Nh4 17. Rg1 Be4 18. Ng3 Nf5 19. Nxe4 Rxe4 20. g3 Re6 21. a3
h5 22. g4 hxg4 23. Rxg4 Qh6 24. Qc2 Qh7 25. Bd3 Rh6 26. f4 Rh5 27. Rag1 Kf8 28.
Rxg7 Qxg7 29. Bxg7+ Nxg7 30. Qg2 Ne8 31. Qg8+ Ke7 32. Rg5 Rxg5 33. fxg5 1-0